Curso elemental de sociedades / (Registro nro. 14154)
[ vista simple ]
| 000 -LEADER | |
|---|---|
| fixed length control field | 00855nam a2200205Ia 4500 |
| 003 - CONTROL NUMBER IDENTIFIER | |
| control field | OSt |
| 005 - DATE AND TIME OF LATEST TRANSACTION | |
| control field | 20221213101022.0 |
| 008 - FIXED-LENGTH DATA ELEMENTS--GENERAL INFORMATION | |
| fixed length control field | 210310s1980 ck fr 000 0 spa d |
| 040 ## - CATALOGING SOURCE | |
| Original cataloging agency | CO-JMCR |
| Transcribing agency | CO-JMCR |
| 041 0# - LANGUAGE CODE | |
| Language code of text/sound track or separate title | spa |
| 082 04 - DEWEY DECIMAL CLASSIFICATION NUMBER | |
| Edition number | 23 |
| Classification number | 346.066 / |
| Item number | B517c |
| 100 1# - MAIN ENTRY--PERSONAL NAME | |
| Personal name | Bernal Gutiérrez, Rafael, |
| 9 (RLIN) | 32875 |
| Relator term | autor |
| 245 10 - TITLE STATEMENT | |
| Title | Curso elemental de sociedades / |
| Statement of responsibility, etc. | Rafael Bernal Gutiérrez |
| 260 ## - PUBLICATION, DISTRIBUTION, ETC. | |
| Place of publication, distribution, etc. | Bogotá : |
| Name of publisher, distributor, etc. | Fuente Jurídica, |
| Date of publication, distribution, etc. | 1980 |
| 300 ## - PHYSICAL DESCRIPTION | |
| Extent | viii, 101 páginas ; |
| Dimensions | 22 cm |
| 505 ## - FORMATTED CONTENTS NOTE | |
| Formatted contents note | Del contrato de sociedades. Generalidades -- Sociedad colectiva -- Sociedad en comandita simple -- Alcances finales del art. 365 del Código de Comercio -- Limitadas anónimas ¿hasta dónde? -- Acciones con y sin voto |
| 650 14 - SUBJECT ADDED ENTRY--TOPICAL TERM | |
| Topical term or geographic name entry element | Compañía |
| 9 (RLIN) | 32877 |
| General subdivision | Legislación |
| Geographic subdivision | Colombia |
| 650 24 - SUBJECT ADDED ENTRY--TOPICAL TERM | |
| Topical term or geographic name entry element | Sociedades (derecho comercial) |
| Geographic subdivision | Colombia |
| 9 (RLIN) | 42499 |
| 942 ## - ADDED ENTRY ELEMENTS (KOHA) | |
| Source of classification or shelving scheme | Dewey Decimal Classification |
| Koha item type | Books |
| Withdrawn status | Lost status | Source of classification or shelving scheme | Damaged status | Not for loan | Home library | Current library | Date acquired | Full call number | Barcode | Date last seen | Copy number | Price effective from | Koha item type |
|---|---|---|---|---|---|---|---|---|---|---|---|---|---|
| Dewey Decimal Classification | Biblioteca Pública José María del Castillo y Rada | Biblioteca Pública José María del Castillo y Rada | 03/10/2021 | 346.066 / B517c | 201811743 | 05/16/2024 | Ej.1 | 03/10/2021 | Books |